Siglo de caudillos : biografía política de México, 1810-1910 /
Gorde:
| Egile nagusia: | |
|---|---|
| Formatua: | Liburua |
| Hizkuntza: | gaztelania |
| Argitaratua: |
Barcelona, España :
Tusquets,
1995, c1994
|
| Saila: | (Andanzas ;
207/1) |
| Gaiak: | |
| Etiketak: |
Etiketarik gabe, Izan zaitez lehena erregistro honi etiketa jartzen!
|
MARC
| LEADER | 00000nam^a2200000^a^4500 | ||
|---|---|---|---|
| 001 | 000051831 | ||
| 005 | 20250521000000.0 | ||
| 009 | 20260310090334.923 | ||
| 020 | |a 84-7223-413-4 | ||
| 037 | |a Acervo ITESO - Biblioteca | ||
| 041 | |a ESP | ||
| 082 | |a 972. 04 |b KRA | ||
| 100 | |a Krauze, Enrique |e (autor) | ||
| 245 | 1 | 0 | |a Siglo de caudillos : |b biografía política de México, 1810-1910 / |c E. Krauze. |
| 264 | 4 | |a Barcelona, España : |b Tusquets, |c 1995, c1994 | |
| 300 | |a 349 p. | ||
| 336 | |a texto |b txt |2 rdacontenido | ||
| 337 | |a sin mediación |b n |2 rdamedio | ||
| 338 | |a volumen |b nc |2 rdasoporte | ||
| 440 | 1 | |a (Andanzas ; |v 207/1) | |
| 649 | |a XX | ||
| 650 | |a Políticos Mexicanos - |x Biografías | ||
| 650 | |a Política - |z México - |x Historia | ||
| 650 | |a México - |x Historia - |y Siglo XIX | ||
| 910 | |a Fondo General | ||
| 920 | |a Impresos - Libros | ||
| 930 | |a Colección General | ||
| 905 | |a 101 | ||
| 901 | |a 0500009003 |b IT1 |c ACC |u 20250521 | ||
| 902 | |a https://opac.biblio.iteso.mx/vufind/Record/000051831 | ||